Catalysis of organic reactions /

Bibliographic Details
Corporate Author: Conference of the Organic Reactions Catalysis Society
Other Authors: Moser, William R.
Format: Conference Proceeding Book
Language:English
Published: New York : Dekker, [1981]
Series:Chemical industries ; v. 5.
Subjects:

MARC

Tag First Indicator Second Indicator Subfields
LEADER 00000pam a2200000 a 4500
001 in00000083001
005 20151008055534.0
008 810915s1981 nyua b 10100 eng
010 |a  81015172  
020 |a 0824713419 
035 |a (OCoLC)07837541 
035 |9 AAJ3735AM 
039 0 |a 2  |b 3  |c 3  |d 3  |e 3 
040 |a DLC  |c DLC  |d TXA  |d UtOrBLW 
049 |a TXAM  |c [1442571] 
050 0 0 |a QD281.C3  |b C37 
082 0 |a 547.1/395  |2 19 
245 0 0 |a Catalysis of organic reactions /  |c edited by William R. Moser. 
264 1 |a New York :  |b Dekker,  |c [1981] 
264 4 |c ©1981 
300 |a x, 484 pages :  |b illustrations ;  |c 24 cm. 
336 |a text  |b txt  |2 rdacontent 
337 |a unmediated  |b n  |2 rdamedia 
338 |a volume  |b nc  |2 rdacarrier 
490 1 |a Chemical industries ;  |v 5 
500 |a "This volume resulted from the Eighth Conference of the Organic Reactions Catalysis Society held in New Orleans on June 2-4, 1980."--pref. 
504 |a Includes bibliographical references and index. 
650 0 |a Catalysis  |v Congresses. 
650 0 |a Chemistry, Organic  |v Congresses. 
700 1 |a Moser, William R. 
711 2 |a Conference of the Organic Reactions Catalysis Society  |n (8th :  |d 1980 :  |c New Orleans, La.) 
830 0 |a Chemical industries ;  |v v. 5. 
999 |a MARS 
999 f f |s fdf3276f-b344-3047-81c1-0c4c67493844  |i b7ef9929-e216-358b-b79f-0b190fc7ad44  |t 0 
952 f f |p ric  |a Texas A&M University  |b Rellis Campus  |c Joint Library Facility  |d Remote Storage  |t 0  |e QD281.C3 C37  |h Library of Congress classification  |i unmediated -- volume  |m A14806211452 
998 f f |a QD281.C3 C37  |t 0  |l Remote Storage